00579nam a22001577a 450000500170000001000150001702000300003203500140006203700090007608200120008510000230009724501050012026000570022527001190028230000200040120211229141751.0 aENG-130747 a978-93-886-89-441c399.00 aEN-114279 bDBAD a294.517 aSharma, Jyotirmaya aA Restatement of Religon:cJyotirmaya SharmabSwami Vivekananda and the Making of Hindu Nationalism/ aChennaibWestland Publications Private Limitedc2003 a1st Floor, A Block, East Wing, Plot No. 40, SP Info City, Dr. MGR Salai, Perungudi, KandanchavadibChennaie600096 a238pc21cm(pbk)